| 000 | 01528cam a22003977a 4500 | ||
|---|---|---|---|
| 003 | CHAP | ||
| 005 | 20220329141914.0 | ||
| 008 | 980518d1993 mx r 00110 spa d | ||
| 010 | _a75540 | ||
| 011 | _a76512 | ||
| 035 | _a86097 | ||
| 040 | _cCHAP | ||
| 082 | 0 | 4 |
_a711.4 _bC6 |
| 100 | 0 | 0 |
_aCoulomb, René _ecoord. _928614 |
| 245 | 1 | 0 |
_aDinámica urbana y procesos socio-políticos : _blecturas de actualización sobre la Ciudad de México _c/coord. por René Coulomb y Emilio Duhau |
| 260 |
_aMéxico, D. F. : _bUniversidad Autónoma Metropolitana. Unidad Azcapotzalco, _c1993. |
||
| 300 |
_a427 p. : _bmapas ; cuadros |
||
| 590 |
_aBATCH-UPD _b10 _c20130110 _lUCH01 _h0409 |
||
| 590 |
_aBATCH-UPD _b10 _c20130110 _lUCH01 _h2101 |
||
| 590 |
_aBATCH-UPD _b10 _c20130410 _lUCH01 _h0043 |
||
| 590 |
_aBATCH-UPD _b10 _c20130410 _lUCH01 _h1543 |
||
| 590 |
_aBATCH-UPD _b10 _c20130914 _lUCH01 _h1054 |
||
| 590 |
_aCONVERSION _b10 _c20130109 _lUCH01 _h1341 |
||
| 650 | 1 | 4 |
_aMéxico (Cd.) _xCondiciones económicas. _976801 |
| 650 | 1 | 4 |
_aMéxico (Cd.) _xCondiciones sociales. _976802 |
| 650 | 1 | 4 |
_aPolítica social _xMéxico (Cd.) _990700 |
| 650 | 1 | 4 |
_aUrbanismo _zMéxico. _9116849 |
| 650 | 1 | 4 |
_aVivienda _xMéxico (Cd.) _9120135 |
| 700 | 0 |
_aDuhau, Emilio _ecoord. _934431 |
|
| 710 | 0 |
_aParticipacion ciudadana. _985799 |
|
| 901 | _aBK | ||
| 905 | _aLilia Sánchez G. | ||
| 942 | _cLIBRO | ||
| 949 |
_a711.4 C6 _bBC _cLIBRO _d33724000596128 _eLIBRO _fc.2 _h93204 _i86097 _si |
||
| 949 |
_a711.4 C6 _bBC _cLIBRO _d33724000596193 _eLIBRO _h93203 _i86097 _si |
||
| 999 |
_c75540 _d75540 |
||